000
00333nam a22001457a 4500
008
180814b xxu||||| |||| 00| 0 eng d
020
_a
9780521697613
041
_a
eng
080
_a
616-053.2
082
_a
616-053.2
100
_a
8
101
_a
PED
245
_a
Pediatric Infectious Diseases
_c
Berkowitz,F.E
942
_2
udc
_c
BK
999
_c
47093
_d
47093